banner-ar

PALAIS ET MAISONS DU CAIRE, VOL:4 / (Record no. 20299)

MARC details
000 -الفاتح
حقل البيانات ثابتة الطول 00539nam a2200217Ia 4500
008 - عناصر البيانات ثابتة الطول - معلومات عامة
حقل البيانات ثابتة الطول 140319s9999 xx 000 0 eng d
040 ## - مصدر الفهرسة
وكالة الفهرسة الأصلية GCL /
وكالة النسخ GCL
082 04 - رقم تصنيف ديوى العشرى
رقم التصنيف CC
رقم المادة 722.962
-- M P
100 1# - المدخل الرئيسى - إسم شخصى
الإسم الشخصى MAURY, BERNARD
245 10 - بيان العنوان
العنوان PALAIS ET MAISONS DU CAIRE, VOL:4 /
بيان المسئوليه,etc MAURY, BERNARD
260 ## - PUBLICATION, DISTRIBUTION, ETC. (IMPRINT)
تاريخ النشر أو التوزيع 1983
300 ## - الوصف المادى
التعداد 111 P
650 04 - المدخل الاضافى بالموضوع-مصطلح موضوعى
مصطلح موضوعي BUILDINGS
650 04 - المدخل الاضافى بالموضوع-مصطلح موضوعى
مصطلح موضوعي ARCHITECTURE
650 04 - المدخل الاضافى بالموضوع-مصطلح موضوعى
مصطلح موضوعي BUILDING
650 04 - المدخل الاضافى بالموضوع-مصطلح موضوعى
مصطلح موضوعي HOUSES
650 04 - المدخل الاضافى بالموضوع-مصطلح موضوعى
مصطلح موضوعي CAIRO, EGYPT
650 04 - المدخل الاضافى بالموضوع-مصطلح موضوعى
مصطلح موضوعي EGYPT - PALACES
942 ## - عناصر المدخل الإضافي( كوها)
مصدر التصنيف او مخطط الترفيف Dewey Decimal Classification
Koha [default] item type كتاب
260 ## - PUBLICATION, DISTRIBUTION, ETC. (IMPRINT)
-- [S.N] :
-- I.F.A.O ،
Holdings
حالة التراجع حالة الفقد حالة تلف ليس للاعارة المكان المؤقت الموقع الحالى تاريخ الاكتساب اجمالي اﻻعارات رقم الطلب الباركود تاريخ اخر مشاهدة تاريخ تفعيل السعر نوع وعاء كوها
        مكتبة القاهرة الكبرى مكتبة القاهرة الكبرى 03/26/2014   CC\722.962\M P 38144 03/26/2014 03/26/2014 كتاب
        مكتبة القاهرة الكبرى مكتبة القاهرة الكبرى 03/26/2014   CC\722.962\M P 38145 03/26/2014 03/26/2014 كتاب
        مكتبة القاهرة الكبرى مكتبة القاهرة الكبرى 03/26/2014   CC\722.962\M P 38146 03/26/2014 03/26/2014 كتاب

Powered By

EGPV